المدينة الفاضلة للفارابي / (رقم التسجيلة. 131325)

تفاصيل مارك
000 -الفاتح
عناصر البيانات ثابتة الطول 00680cam a2200193 i 4500
005 - تاريخ ووقت آخر معاملة
حقل ضبط 20251113122253.0
008 - عناصر البيانات ثابتة الطول
عناصر البيانات ثابتة الطول 250721s2014 ua gr 000 0 ara d
020 ## - الترقيم الدولي المعياري للكتب (ردمك)
الترقيم الدولي المعياري للكتب (ردمك) 9789774364386
082 14 - رقم تصنيف ديوي العشري
رقم التصنيف 189.12
رقم المادة ف ا ر
100 1# - مدخل رئيسي – اسم شخصي
الاسم الشخصي الفارابي، أبي النصر
علاقة الشخص بالعمل/ دوره مؤلف.
245 12 - بيان العنوان
العنوان المدينة الفاضلة للفارابي /
بيان المسؤولية تأليف أبي نصر الفارابي.
250 ## - بيان الطبعة
بيان الطبعة الطبعة الأولى.
264 31 - بيانات النشر، التوزيع…إلخ
مكان النشر، التوزيع...إلخ القاهرة :
اسم الناشر، الموزع...إلخ مكتبة النافذة،
تاريخ النشر، التوزيع...إلخ 2014.
300 ## - الوصف المادي
عدد الوحدات المكونة للوعاء 111 صفحة.
650 17 - مدخل إضافي بالموضوع - مصطلح موضوعي
مصطلح موضوعي أو اسم جغرافي كعنصر مدخل الفلسفة الاسلامية.
650 17 - مدخل إضافي بالموضوع - مصطلح موضوعي
مصطلح موضوعي أو اسم جغرافي كعنصر مدخل فلسفة الفارابي.
942 ## - بيانات إضافية (كوها)
نوع التنصيف Dewey Decimal Classification
نوع المادة (كوها) كتب
المقتنيات
حالة السحب حالة الفقدان مصدر التصنيف حالة التلف غير قابل للإعارة المكتبة الرئيسية المكتبة الحالية موقع الرف تاريخ التزويد الرقم المتسلسل Total Checkouts رقم الإستدعاء الباركود تاريخ آخر ظهور تاريخ الفاتورة نوع المادة (كوها)
    Dewey Decimal Classification     المكتبة المركزية المكتبة المركزية الإعارة 28/07/2025 1596336   189.12 / ف ا ر PLD00320300 28/07/2025 28/07/2025 كتب
    Dewey Decimal Classification     مكتبة أبو علندا العامة مكتبة أبو علندا العامة الإعارة 12/04/2015 1596340   189.12/فار PLD00320366 28/07/2025 12/04/2015 كتب
    Dewey Decimal Classification     مكتبة الحسن العامة مكتبة الحسن العامة الإعارة 12/04/2015 1596339   189.12/فار PLD00320365 28/07/2025 12/04/2015 كتب
    Dewey Decimal Classification     مكتبة صويلح العامة مكتبة صويلح العامة الإعارة 12/04/2015 1596337   189.12/فار PLD00320363 28/07/2025 12/04/2015 كتب
    Dewey Decimal Classification     مكتبة وادي السير العامة مكتبة وادي السير العامة الإعارة 12/04/2015 1596338   189.12/فار PLD00320364 28/07/2025 12/04/2015 كتب
Implemented & Customized by: BBB with SCIT (Smart Chains for Information Technology)

Powered by Koha